| 000 | 01234nam a22003017i 4500 | ||
|---|---|---|---|
| 999 |
_c170066 _d170066 |
||
| 003 | PPAK | ||
| 005 | 20181104160757.0 | ||
| 007 | ta | ||
| 008 | 181104t20082014my ||||e |||| 00| 1 eng d | ||
| 020 |
_a9781407153339 _cRM18.63 _qpaperback |
||
| 040 |
_aPPAK _beng _cPPAK _erda |
||
| 082 | 0 | 4 |
_223 _a823 |
| 090 | 0 | 0 |
_a823 _bCOL _dG |
| 100 | 1 |
_aCollins, Suzanne, _eauthor. |
|
| 245 | 1 | 0 |
_aTHE HUNGER GAMES / _cSUZANNE COLLINS |
| 264 | 1 |
_aLondon : _bScholastic Children's Books, _c2014 |
|
| 264 | 4 | _c©2008 | |
| 300 |
_a436 pages : _c20 cm |
||
| 336 |
_2rdacontent _atext |
||
| 337 |
_2rdamedia _aunmediated |
||
| 338 |
_2rdacarrier _avolume |
||
| 490 | 1 | _aTHE HUNGER GAMES | |
| 500 | _aOriginally published: New York : Scholastic, 2008. Movie tie-in. | ||
| 520 | _a16-year-old Katniss Everdeen regards it as a death sentence when she is forced to represent her district in the annual Hunger Games, a fight to the death on live TV. But Katniss has been close to death before and survival, for her, is second nature. Twelve boys and twelve girls are forced to appear in a live event called The Hunger Games. There is only one rule: kill or be killed. | ||
| 650 | _aEnglish fiction | ||
| 830 | 0 | _aThe hunger games | |
| 942 |
_2ddc _cB |
||